Iterative methods for the solution of a linear operator equation in Hilbert space - a survey

Αποθηκεύτηκε σε:
Λεπτομέρειες βιβλιογραφικής εγγραφής
Κύριος συγγραφέας: Patterson, Walter Mead
Μορφή: Βιβλίο
Γλώσσα:English
Δημοσίευση: New York : Springer Verlag, c1974.
Σειρά:Lecture notes in mathematics (Springer-Verlag) ; 394
Θέματα:
Ετικέτες: Προσθήκη ετικέτας
Δεν υπάρχουν, Καταχωρήστε ετικέτα πρώτοι!

MARC

LEADER 00000nam a2200000 a 4500
001 1/126186
008 230222t1974 gw | ||| |||| ||eng||
020 |a 0387068058  |q (Berlin) 
020 |a 0387068058  |q (New York) 
040 |a GR-MyUa  |b gre  |c GR-MyUa  |e AACR2 
041 0 |a eng 
082 7 |a 515.72  |2 (23) 
100 1 |a Patterson, Walter Mead. 
245 1 0 |a Iterative methods for the solution of a linear operator equation in Hilbert space - a survey /   |c Walter Mead Patterson.  
260 |a New York :   |b Springer Verlag,   |c c1974.  
300 |a 183 σ. :   |b εικ. ;   |c 25 εκ.  
490 1 |a (Lecture notes in mathematics / Springer-Verlag ;   |v 394) 
504 |a Περιέχει βιβλιογραφικές αναφορές.  
650 0 |a Operator equations. 
650 0 |a Iterative methods (Mathematics) 
650 0 |a Hilbert space. 
830 0 |a Lecture notes in mathematics (Springer-Verlag)  |v  ; 394 
852 |a INST  |b SAMOS  |e 20230221  |h 515.72 WAL  |p 005300048137  |q 005300048137  |t BK  |y 0 
970 |a Γουβάλα  |b Βάσω  |z 16-02-2023